000
00251 a2200097 4500
001
13005
100
_a
Bois,W.E.B.D
245
_a
Souls of Black Folk: Authoritative Text Contexts Criticism.
260
_a
_b
W W Norton & Company
_c
090
_c
10009
_d
10009
942
_a
NUST-CAE
_c
M
_c
14
999
_c
248078
_d
248078